La Juventud costarricense ante la política: percepciones, actitudes y comportamientos /
Guardado en:
| Autores Corporativos: | , |
|---|---|
| Formato: | Texto |
| Publicado: |
San José:
FLACSO
|
| Materias: | |
| Etiquetas: |
Agregar Etiqueta
Sin Etiquetas, Sea el primero en etiquetar este registro!
|
MARC
| LEADER | 00000 a a2200000 04500 | ||
|---|---|---|---|
| 001 | 31725 | ||
| 003 | |||
| 040 | |||
| 020 | |a 9977-68-123-6 | ||
| 090 | |a 199203 | ||
| 110 | |a Rojas Bolaños, Manuel | ||
| 245 | |a La Juventud costarricense ante la política: percepciones, actitudes y comportamientos / |c Manuel Rojas Bolaños | ||
| 260 | |a San José: |b FLACSO | ||
| 300 | |a 120 p. | ||
| 650 | |a JUVENTUD | ||
| 650 | |a PARTICIPACION POLITICA | ||
| 650 | |a ELECCIONES | ||
| 650 | |a ENCUESTAS DE OPINION PUBLICA | ||
| 650 | |a PARTICIPACION SOCIAL | ||
| 650 | |a POLITICA | ||
| 650 | |a ACTITUDES | ||
| 650 | |a ADULTOS | ||
| 650 | |a COMPORTAMIENTO POLITICO | ||
| 650 | |a ANALISIS COMPARATIVO | ||
| 650 | |a COMPORTAMIENTO POLITICO | ||
| 650 | |a PARTIDOS POLITICOS | ||
| 650 | |a POLITICOS | ||
| 650 | |a VOTACION | ||
| 650 | |a ACTITUDES | ||
| 650 | |a OPINION | ||
| 710 | |a ed. | ||
| 999 | |c 4649 |d 4649 | ||



